000 00400 a2200109 4500
001 ART_51172
005 20260410162008.0
008 260409a
245 1 0 _aAnálisis de la figura de tiempo compartido, a cinco años de vigencia del Código Civil y Comercial
100 1 _aFossaceca, Carlos Alberto (h)
773 0 _tTemas de derecho civil
_g- Año 6, N° 9 (sep. 2020)
_wREV34778
999 _c31899
_d31899